| 000 -LEADER |
| fixed length control field |
01303nam a2200277Ia 4500 |
| 001 - CONTROL NUMBER |
| control field |
23720 |
| 003 - CONTROL NUMBER IDENTIFIER |
| control field |
GE_BSU |
| 008 - FIXED-LENGTH DATA ELEMENTS--GENERAL INFORMATION |
| fixed length control field |
181216s||||||||xx |||||||||||||| ||und|| |
| 040 ## - CATALOGING SOURCE |
| Transcribing agency |
GE_BSU |
| 080 ## - UNIVERSAL DECIMAL CLASSIFICATION NUMBER |
| Universal Decimal Classification number |
94(479.22)"06/11 |
| 100 ## - MAIN ENTRY--PERSONAL NAME |
| Personal name |
ჯავახიშვილი, ი. (ივანე, 1876-1940) |
| 245 ## - TITLE STATEMENT |
| Title |
ქართველი ერის ისტორია. წ. 2 : |
| 245 ## - TITLE STATEMENT |
| Remainder of title |
VII-XII სს. |
| 245 ## - TITLE STATEMENT |
| Statement of responsibility, etc. |
ს. ყაუხჩიშვილის, დ. გვრიტიშვილის და შ. მესხიას შესავალი წერილით |
| 250 ## - EDITION STATEMENT |
| Edition statement |
თბილისის სახ. უნივერსიტეტი. საქ. ისტორიის კათედრა. |
| 260 ## - PUBLICATION, DISTRIBUTION, ETC. |
| Place of publication, distribution, etc. |
თბილისი |
| 260 ## - PUBLICATION, DISTRIBUTION, ETC. |
| Name of publisher, distributor, etc. |
საბჭ. საქართველო |
| 260 ## - PUBLICATION, DISTRIBUTION, ETC. |
| Date of publication, distribution, etc. |
1965 |
| 300 ## - PHYSICAL DESCRIPTION |
| Extent |
471 გვ. : ილ., 1ფ. სქემ. 24 სმ. |
| 300 ## - PHYSICAL DESCRIPTION |
| Accompanying material |
ბიბლიოგრ. შენიშვნებში. საძიებლ. გვ. 436-469 |
| 520 ## - SUMMARY, ETC. |
| Summary, etc. |
პარალ. სათ. რუს. ენ. |
| 653 ## - INDEX TERM--UNCONTROLLED |
| Uncontrolled term |
საქართველოს ისტორია |
| 653 ## - INDEX TERM--UNCONTROLLED |
| Uncontrolled term |
ქართველი ერის ისტორია. წ. 2 |
| 942 ## - ADDED ENTRY ELEMENTS (KOHA) |
| Koha item type |
წიგნი |